El declive del capital social : un estudio internacional sobre las sociedades y el sentido comunitario /
El presente es una compilacion de varios estudios coordinados por R. Putnam acerca de lo que se entiende por el capital social en diversas comunidades y las causas y efectos de la pérdida de los vículos sociales entre los ciudadanos de diversos países postindustriales avanzados tales como Alemania,...
Guardado en:
| Autor principal: | |
|---|---|
| Formato: | Libro |
| Idioma: | Español |
| Publicado: |
Barcelona, España :
Galaxia Gutenberg : Círculo de Lectores : Bertelsmann,
2003, c2003
|
| Temas: | |
| Etiquetas: |
Sin etiquetas, Sé el primero en etiquetar este registro!
|
MARC
| LEADER | 00000nam^a2200000^a^4500 | ||
|---|---|---|---|
| 001 | 000154600 | ||
| 005 | 20250521000000.0 | ||
| 009 | 20260310100401.321 | ||
| 020 | |a 84-8109-421-8 | ||
| 020 | |a 84-226-9596-0 | ||
| 037 | |a Acervo ITESO - Biblioteca | ||
| 041 | |a ESP | ||
| 082 | |a 323. 042 |b PUT | ||
| 100 | |a Putnam, Robert D. |e (ed.) | ||
| 245 | 1 | 3 | |a El declive del capital social : |b un estudio internacional sobre las sociedades y el sentido comunitario / |c Ed. de R.D. Putnam ; introd. de R.D. Putman, K.A. Goss ; tr. por José Luis Gil Aristu. |
| 264 | 4 | |a Barcelona, España : |b Galaxia Gutenberg : |b Círculo de Lectores : |b Bertelsmann, |c 2003, c2003 | |
| 300 | |a 665 p. | ||
| 336 | |a texto |b txt |2 rdacontenido | ||
| 337 | |a sin mediación |b n |2 rdamedio | ||
| 338 | |a volumen |b nc |2 rdasoporte | ||
| 500 | |a Traducción de: Gesellschaft und Gemeinsinn | ||
| 520 | |a El presente es una compilacion de varios estudios coordinados por R. Putnam acerca de lo que se entiende por el capital social en diversas comunidades y las causas y efectos de la pérdida de los vículos sociales entre los ciudadanos de diversos países postindustriales avanzados tales como Alemania, Australia, España, Estados Unidos, Francia, Gran Bretaña, Japón y Suecia. | ||
| 649 | |a XX | ||
| 650 | |a Capital Social (Ciencias Sociales) | ||
| 650 | |a Redes Sociales | ||
| 650 | |a Comunidad - |x Condiciones Políticas | ||
| 650 | |a Comportamiento Social | ||
| 650 | |a Norma Social | ||
| 650 | |a Cultura Política | ||
| 650 | |a Cambios Sociales y Culturales | ||
| 650 | |a Sociedad Civil - |z Suecia - |x Estudios de Caso | ||
| 650 | |a Educación Cívica - |z Francia | ||
| 650 | |a Capital Social (Ciencias Sociales)- |z Australia - |x Estudios de Caso | ||
| 650 | |a Capital Social (Ciencias Sociales) - |z Japón - |x Estudios de Caso | ||
| 650 | |a Capital Social (Ciencias Sociales) - |z Alemania - |x Estudios de Caso | ||
| 650 | |a Capital Social (Ciencias Sociales) - |z España - |x Estudios de Caso | ||
| 650 | |a Capital Social (Ciencias Sociales) - |z EUA - |x Estudios de Caso | ||
| 650 | |a Política | ||
| 650 | |a Sociología Política | ||
| 910 | |a Fondo General | ||
| 920 | |a Impresos - Libros | ||
| 930 | |a Colección General | ||
| 905 | |a 101 | ||
| 901 | |a 0500086397 |b IT1 |c ACC |u 20250521 | ||
| 902 | |a https://opac.biblio.iteso.mx/vufind/Record/000154600 | ||